Sciences par lettre - J - Statistiques

Statistiques générales
  • Ce quiz a été pris 148 fois
  • Le résultat moyen est 12 sur 15
Statistiques - réponses
Indices Réponses % Correct
Cinquième et plus grosse planète du Système solaire, une "Grande Tache rouge" y est visible à sa surface Jupiter
98%
Se dit des deux enfants issus d'une même grossesse gémellaire Jumeaux
97%
Unité (de symbole " J ") d'énergie du Système international Joule
95%
Pierre fine - généralement de couleur verte - très prisée en joaillerie, et dont le nom évoque un prénom féminin Jade
94%
Du latin jugulum, ces veines situées dans le cou ont pour rôle de drainer le sang depuis la tête jusqu'au cœur Jugulaire
94%
Acronyme de "Joint Photographic Experts Group", ce format d'image numérique utilise la compression avec perte pour réduire la taille des fichiers JPEG
90%
Deuxième période de l'ère Mésozoïque, marquée par la diversification et la domination des dinosaures Jurassique
86%
Appelé "hypochlorite de sodium", ce produit chimique à base de chlore est - dans notre quotidien - fréquemment utilisé comme agent désinfectant et/ou blanchissant Javel
85%
Formée du tibia et de la fibula (= péroné), cette partie du membre inférieur est comprise entre le genou et la cheville Jambe
83%
Bidon portatif, généralement en plastique ou en métal, principalement destiné au transport et au stockage du carburant Jerrican
76%
Langage de programmation multiplateforme, orienté objet, couramment employé pour développer des applications Java
75%
Ensemble des symptômes résultant du dérèglement de l'horloge biologique interne lié au décalage horaire Jetlag
74%
Arbuste originaire des déserts du nord du Mexique et du sud-ouest des États-Unis, dont on extrait une huile utilisée dans les industries cosmétique et pharmaceutique pour les cheveux et la peau Huile de {jojoba}
63%
Fille de Pierre et Marie Curie, cette scientifique (prénommée Irène) a obtenu le Prix Nobel de Chimie en 1935 pour la découverte de la radioactivité artificielle {Joliot}-Curie
45%
Plus précise que la verrerie graduée, ce type de verrerie permet de contenir ou délivrer un volume exact de liquide Jaugée
42%
Aucun quiz correspondant
Distribution des résultats
% des personnes avec chaque résultat
Percentile par nombre de réponses
Votre historique - résultats
Vous n’avez pas pris ce quiz